Loading...
Geography/Current Events | 0 | 3 | 0 | 1 | 30 | 61 | 87.33 | 0 | 2 |
Pop Culture | 0 | 2 | 0 | 1 | 20 | 70 | 101.00 | 1 | 1 |
Philosophy | 0 | 2 | 0 | 1 | 20 | 104 | 110.50 | 0 | 1 |
History - Other History | 0 | 2 | 0 | 1 | 20 | 83 | 99.00 | 0 | 0 |
Fine Arts - Classical Music | 0 | 1 | 0 | 0 | 10 | 135 | 135.00 | 0 | 0 |
Fine Arts - Other Fine Arts | 0 | 1 | 0 | 1 | 10 | 118 | 118.00 | 0 | 1 |
Fine Arts - Visual Fine Arts | 0 | 1 | 0 | 1 | 10 | 94 | 94.00 | 0 | 1 |
History - World History | 0 | 1 | 0 | 1 | 10 | 132 | 132.00 | 0 | 0 |
Religion | 0 | 1 | 0 | 1 | 10 | 110 | 110.00 | 0 | 1 |
Science - Biology | 0 | 1 | 0 | 1 | 10 | 136 | 136.00 | 0 | 0 |
Science - Other Science | 0 | 1 | 0 | 0 | 10 | 81 | 81.00 | 0 | 0 |
History - European History | 0 | 1 | 2 | 0 | 0 | 112 | 112.00 | 0 | 0 |
Social Science | 0 | 1 | 2 | 0 | 0 | 98 | 98.00 | 0 | 0 |
History - American History | 0 | 0 | 2 | 0 | -10 | 0.00 | 0 | 0 |